Dilemme Merveilles Du Monde - Statistiques

Statistiques générales
  • Ce quiz a été pris 52 fois
  • Le résultat moyen est 6 sur 10
Statistiques - réponses
Question Réponse % Correct
Lequel est le plus ancien ?
91%
Qu’est-ce qui a été construit en premier ?
87%
Lequel est situé à la plus haute altitude ?
87%
Lequel est le plus récent ?
80%
Lequel est le plus ancien ?
70%
Lequel est le plus bas en altitude ?
63%
Lequel a été construit en premier ?
46%
Lequel est situé à la plus haute altitude ?
46%
Lequel a été construit en premier ?
43%
Laquelle de ces affirmations est correcte ? Phare d'Alexandrie a été l’une des structures les plus hautes de l’Antiquité
30%
Aucun quiz correspondant
Distribution des résultats
% des personnes avec chaque résultat
Percentile par nombre de réponses
Votre historique - résultats
Vous n’avez pas pris ce quiz